Davis's NCLEX-RN Success (Record no. 248910)

MARC details
000 -LEADER
fixed length control field 00474pam a2200181a 44500
008 - FIXED-LENGTH DATA ELEMENTS--GENERAL INFORMATION
fixed length control field 230405s2001 xxu||||| |||| 00| 0 eng d
020 ## - INTERNATIONAL STANDARD BOOK NUMBER
International Standard Book Number 0803608160
Terms of availability Rs. 875
082 ## - DEWEY DECIMAL CLASSIFICATION NUMBER
Classification number 610.73076
Item number LAG
100 ## - MAIN ENTRY--PERSONAL NAME
Personal name Lagerquist,Sally L.
245 ## - TITLE STATEMENT
Title Davis's NCLEX-RN Success
260 ## - PUBLICATION, DISTRIBUTION, ETC.
Place of publication, distribution, etc. Philadelphia
Name of publisher, distributor, etc. F.A. Davis Company
Date of publication, distribution, etc. 2001
300 ## - PHYSICAL DESCRIPTION
Extent 905 p
502 ## - DISSERTATION NOTE
Dissertation note text
700 ## - ADDED ENTRY--PERSONAL NAME
Personal name Nelson,Robyn
700 ## - ADDED ENTRY--PERSONAL NAME
Personal name Morrison,Bobbi
700 ## - ADDED ENTRY--PERSONAL NAME
Personal name Colombraro,Geraldine
906 ## - LOCAL DATA ELEMENT F, LDF (RLIN)
a 000196

No items available.